| Tag |
First Indicator |
Second Indicator |
Subfields |
| LEADER |
00000cas a2200000 a 4500 |
| 001 |
in00002492428 |
| 005 |
20211202190330.0 |
| 006 |
m | |
| 007 |
cr ||||||||||| |
| 008 |
090504d20022005dcu|| |s f| 0eng c |
| 010 |
|
|
|a 2009231047
|
| 035 |
|
|
|a (OCoLC)ocn320072455
|
| 037 |
|
|
|b Information Center, U.S. Agency for International Development, Ronald Reagan Building, Washington, D.C. 20523-1000
|
| 040 |
|
|
|a GPO
|c GPO
|d GPO
|d MvI
|d UtOrBLW
|
| 042 |
|
|
|a pcc
|
| 043 |
|
|
|a e-ci---
|
| 049 |
|
|
|a WWW
|
| 074 |
|
|
|a 0900-I-18 (online)
|
| 086 |
0 |
|
|a ID 1.27:C 87/
|
| 110 |
2 |
|
|a USAID/Croatia.
|
| 245 |
1 |
0 |
|a Annual report.
|
| 246 |
1 |
3 |
|a Annual report FY
|f 2003
|
| 264 |
|
1 |
|a [Washington, D.C.] :
|b [U.S. Agency for International Development]
|
| 300 |
|
|
|a 4 volumes :
|b digital, PDF file.
|
| 310 |
|
|
|a Annual
|
| 336 |
|
|
|a text
|b txt
|2 rdacontent
|
| 337 |
|
|
|a computer
|b c
|2 rdamedia
|
| 338 |
|
|
|a online resource
|b cr
|2 rdacarrier
|
| 362 |
1 |
|
|a Began with 2002; ceased with FY 2005.
|
| 538 |
|
|
|a Mode of access: Internet from GPO's permanent archives. Address as of 5/1/09: http://permanent.access.gpo.gov/lps106180 ; current access via PURL.
|
| 500 |
|
|
|a Description based on: 2002; title from title screen (viewed on May 1, 2009).
|
| 500 |
|
|
|a Latest issue consulted: FY 2005.
|
| 515 |
|
|
|a Fiscal year dates used after 2002.
|
| 500 |
|
|
|a Electronic resource.
|
| 610 |
2 |
0 |
|a USAID/Croatia
|v Periodicals.
|
| 650 |
|
0 |
|a Economic assistance
|z Croatia
|v Periodicals.
|
| 651 |
|
0 |
|a Croatia
|v Periodicals.
|
| 785 |
0 |
0 |
|a USAID/Croatia.
|t Operational plan
|w (DLC) 2009231048
|w (OCoLC)320072993
|
| 856 |
4 |
0 |
|u https://purl.fdlp.gov/GPO/LPS106180
|t 0
|
| 999 |
|
|
|a MARS
|
| 999 |
f |
f |
|s 65246a07-6a10-3d48-beb3-44d4141bd2cc
|i d5d0c814-9c17-3cc6-9ed7-116af3e27481
|t 0
|
| 952 |
f |
f |
|a Texas A&M University
|b College Station
|c Electronic Resources
|d Available Online
|t 0
|e ID 1.27:C 87/
|h Superintendent of Documents classification
|
| 998 |
f |
f |
|a ID 1.27:C 87/
|t 0
|l Available Online
|